Normal view
MARC view
- Gupth, G.P
Entry Personal Name
001 - CONTROL NUMBER
- control field: 5299
003 - CONTROL NUMBER IDENTIFIER
- control field: OSt
005 - DATE AND TIME OF LATEST TRANSACTION
- control field: 20221105161619.0
008 - FIXED-LENGTH DATA ELEMENTS
- fixed length control field: 221105|| aca||aabn | a|a d
040 ## - CATALOGING SOURCE
- Original cataloging agency: OSt
- Transcribing agency: OSt
100 ## - HEADING--PERSONAL NAME
- Personal name: Gupth, G.P
670 ## - SOURCE DATA FOUND
- Source citation: Work cat.: (OSt)2116: Gupth, G.P ., Reserve bank of India and monitory management / , 1962.
